000 01894cam a22004578a 4500
001 9626236
003 USPCAS-E
005 20180118181418.0
006 m d
007 cr n
008 111118s2012 nju sb 001 0 eng d
020 _a9780470683736 (cloth)
020 _z9781119967002 (ePDF)
020 _z9781119966999 (oBook)
020 _z9781119967743 (ePub)
020 _z9781119967750 (Mobi)
035 _a(WaSeSS)ssj0000659203
040 _aDLC
_cDLC
_dDLC
_dWaSeSS
042 _apcc
050 4 _aTK7871.15.F5
_bT73 2012
050 4 _aTK7871.15.F5T73 2012
082 0 0 _a621.38152
_223
_bTRA 2012
210 1 0 _aTransparent oxide electronics
245 0 0 _aTransparent oxide electronics
_h[electronic resource] :
_bfrom materials to devices /
_cPedro Barquinha ... [et al.].
260 _aHoboken, N.J. :
_bWiley,
_c2012.
263 _a1206
502 _a.
504 _aIncludes bibliographical references and index.
505 0 _aN-type transparent semiconducting oxides -- P-type transparent conductors and semiconductors -- Gate dielectrics on oxide electronics -- The (r)evolution of thin-film transistors (TFTs) -- Electronics with and on paper -- A glance at current and upcoming applications.
506 _aLicense restrictions may limit access.
650 0 _aSemiconductor films.
650 0 _aOxides
_xElectric properties.
650 0 _aThin film transistors.
650 0 _aTransparent semiconductors.
700 1 _aBarquinha, Pedro.
773 0 _tWiley-Blackwell Online Books
776 0 8 _iPrint version:
_tTransparent oxide electronics : from materials to devices
_dHoboken, N.J. : Wiley, 2012.
_z9780470683736
_w(DLC) 2011042396
856 4 0 _uhttp://www.columbia.edu/cgi-bin/cul/resolve?clio9626236
_zFull text available from Wiley-Blackwell Online Books
910 _aLibrary of Congress record
942 _2ddc
_cBK
999 _c355914
_d355914